| 000 | 00358nam a22001571a 4500 | ||
|---|---|---|---|
| 020 | _a9788126709366 | ||
| 082 |
_aH2 _bASH/E |
||
| 100 | _aAshok Lal | ||
| 245 |
_aEk mamooli aadmi/ _cby Ashok Lal |
||
| 260 |
_aNew Delhi: _bRajkamal, _c2006. |
||
| 300 | _a96p. | ||
| 650 | _aDrama Hindi | ||
| 650 | _aLiterature Hindi | ||
| 650 | _aLiterature | ||
| 942 | _cBK | ||
| 999 |
_c12134 _d12134 |
||